000 00734nam a2200217 a 4500
003 CBULib
005 20260122124556.0
008 100104s2002 ||||||||||||||||| || u
040 _aCBULib
_bEnglish
_cCBULib
_dCBULib
_erda
050 _aPAPERS/STAFF
100 _aLungu, John
245 1 4 _aThe role of a Surveyor in a liberalized economy: can surveyors re-discover their ''feet''
_c/by Lungu J
260 _aKitwe
_bCopperbelt University, School of Business
_c2002
300 _a18 pages
336 _2rdacontent
_aText |
_btxt
337 _2rdamedia
_aUnmediated |
_bn
338 _2rdacarrier
_aVolume
_bnc
650 0 _aSURVEYORS
_95203
942 _2mc
_c023
999 _c56649
_d56649